000 00470nam a2200181Ia 4500
003 GCL
008 140319s9999 xx 000 0 eng d
040 _aGCL /
_cGCL
082 0 4 _a822.33
_bS S
100 1 _aSTYAN, J.L.
245 1 0 _aSHAKESPEARS ST AGECRAFT /
_cSTYAN, J.L.
260 _a[S.N] :
_bCAMBRIDGE UNIVERSITY PRESS ،
_c1994
300 _a244
650 0 4 _aENGLISH LITERATURE
650 0 4 _aLITERATURE
650 0 4 _aSHAKESPEARE, WILLIAM
942 _2ddc
_cBK
999 _c10273
_d10273